000 00615nam a22001937a 4500
003 OSt
005 20250807080033.0
008 240514b |||||||| |||| 00| 0 eng d
020 _a9786210446586
040 _aDWC-Main Lib
_cOC
082 _aFil. 336.2 N72 2023
100 _aSalao, Ernesto C.
245 _aThe National internal revenue code of the Philippines /
_cErnesto C. Salao.
250 _aSixth edition
260 _aQuezon City :
_bRex Book Store,
_cc2023.
300 _axxii, 375 pages :
_billustrations ;
_c24cm.
650 _a1. Internal revenue code --- Philippines.
942 _2ddc
_cBK - FIL
_kFil.
_n0
999 _c27
_d27